[Event "GEO-ch KO 67th"]
[Site "Tbilisi"]
[Date "2008.03.15"]
[Round "1.1"]
[White "Aroshidze, Levan"]
[Black "Tskitishvili, Irakli"]
[Result "1-0"]
[WhiteElo "2535"]
[BlackElo "2332"]
[PlyCount "99"]
[EventDate "2008.03.15"]
[EventType "k.o."]
[EventRounds "5"]
[EventCountry "GEO"]
[SourceTitle "CBM 123 Extra"]
[Source "ChessBase"]
[SourceDate "2008.05.06"]
[SourceVersion "1"]
[SourceVersionDate "2008.05.06"]
[SourceQuality "1"]

1. e4 e5 2. Nf3 Nc6 3. Bb5 a6 4. Ba4 d6 5. c3 Bd7 6. 0-0 Nge7 7. d4 Ng6 8. d5 Nb8 9. c4 Be7 10. Nc3 0-0 11. Be3 Bg4 12. h3 Bxf3 13. Qxf3 Bg5 14. Bxg5 Qxg5 15. Qg4 Qxg4 16. hxg4 a5 17. g3 Na6 18. f4 Nc5 19. Bc2 f6 20. Kg2 Rfc8 21. b3 h6 22. a3 Nd7 23. Kf3 Kf8 24. Ke3 Ke7 25. b4 Nh8 26. Ba4 Nb6 27. Bb3 c6 28. c5 dxc5 29. bxc5 cxd5 30. Nxd5+ Nxd5+ 31. Bxd5 Rxc5 32. fxe5 fxe5 33. Rab1 Rac8 34. Rxb7+ R8c7 35. Rxc7+ Rxc7 36. Kd3 Ng6 37. Rb1 Nf8 38. Rb5 Ra7 39. Rb6 Nd7 40. Re6+ Kd8 41. Kc4 Rc7+ 42. Bc6 Nf6 43. Kb5 Re7 44. Rxe7 Kxe7 45. Kxa5 Kd8 46. g5 hxg5 47. Kb6 Kc8 48. a4 Ng8 49. a5 Ne7 50. Bb7+ 1-0

[Event "GEO-ch 60th 1 Liga"]
[Site "Tbilisi"]
[Date "2000.04.??"]
[Round "8"]
[White "Chikovani, Vakhtang"]
[Black "Tskitishvili, Irakli"]
[Result "1-0"]
[WhiteElo "2267"]
[BlackElo "2231"]
[PlyCount "61"]
[EventDate "2000.??.??"]
[EventType "swiss"]
[EventRounds "9"]
[EventCountry "GEO"]
[SourceTitle "EXT 2004"]
[Source "ChessBase"]
[SourceDate "2003.11.25"]
[SourceVersion "1"]
[SourceVersionDate "2003.11.25"]
[SourceQuality "1"]

1. Nf3 Nf6 2. b3 d5 3. e3 e6 4. Bb2 Be7 5. Be2 0-0 6. 0-0 c5 7. Ne5 Nfd7 8. f4 Nxe5 9. fxe5 Nc6 10. Bb5 Bd7 11. Qg4 Nb4 12. Bxd7 Qxd7 13. Na3 Rfe8 14. Rf3 Bf8 15. Raf1 Re7 16. d4 b6 17. Bc3 Qe8 18. Be1 Rc8 19. c3 Nxa2 20. R3f2 cxd4 21. Qxd4 Nc1 22. Qd1 Nxb3 23. Qxb3 Rb7 24. Nb5 Qc6 25. Nd4 Qc5 26. Qd1 g6 27. Qg4 Bg7 28. Rf3 a5 29. Bh4 a4 30. Bf6 Bf8 31. Nxe6 1-0

[Event "GEO-ch 60th 1 Liga"]
[Site "Tbilisi"]
[Date "2000.04.??"]
[Round "7"]
[White "Tskitishvili, Irakli"]
[Black "Tkhelidze, Merab"]
[Result "1-0"]
[WhiteElo "2231"]
[BlackElo "2181"]
[PlyCount "71"]
[EventDate "2000.??.??"]
[EventType "swiss"]
[EventRounds "9"]
[EventCountry "GEO"]
[SourceTitle "EXT 2004"]
[Source "ChessBase"]
[SourceDate "2003.11.25"]
[SourceVersion "1"]
[SourceVersionDate "2003.11.25"]
[SourceQuality "1"]

1. d4 d6 2. Nf3 g6 3. c4 Bg7 4. Nc3 e6 5. g3 b6 6. Bg2 Bb7 7. 0-0 Ne7 8. e3 Nd7 9. b4 a6 10. a4 c5 11. Rb1 Rb8 12. Qd3 Qc7 13. dxc5 bxc5 14. bxc5 Nxc5 15. Qc2 0-0 16. Ba3 Nc6 17. Rfd1 Na5 18. Nd2 Bxg2 19. Kxg2 Qc6+ 20. Kg1 Rxb1 21. Rxb1 Nd7 22. Nce4 Rd8 23. Bxd6 f5 24. Bb4 Nb7 25. Ng5 Bf6 26. Ngf3 Ndc5 27. a5 Na4 28. h4 h6 29. e4 Nbc5 30. exf5 gxf5 31. Bxc5 Nxc5 32. Rb6 Qd7 33. Nb3 Qd1+ 34. Qxd1 Rxd1+ 35. Kg2 Rb1 36. Nxc5 1-0